000 00365nam a2200145Ia 4500
008 210210b1966 xxu||||| |||| 00| 0 eng d
082 _a332.6327 BARH
100 _aBARRADA (H).
245 _aHow to succeed as an investor.
260 _aLondon
_bNewnes
_c1966
300 _a221
650 _aInvestors success
690 _aInvestment Management
906 _a031282
999 _c82334
_d82334